Zac's New Food Quiz - Statistics

General Stats
  • This quiz has been taken 37 times
    30 since last reset
  • The average score is 10 of 11
Answer Stats
Picture Answer % Correct
broccoli
100%
chocolate
100%
fish and chips
100%
hot dog
100%
pizza
100%
spaghetti
100%
sushi
100%
zucchini
100%
burger
80%
dumplings
80%
spaghetti bolognese
20%
No matching quizzes found
Score Distribution
Percent of People with Each Score
Percentile by Number Answered
Your Score History
You have not taken this quiz since the last reset